| 000 | 00576nam a22002057a 4500 | ||
|---|---|---|---|
| 003 | OSt | ||
| 005 | 20160412143556.0 | ||
| 008 | 160412b xxu||||| |||| 00| 0 eng d | ||
| 020 | _a8121916712 | ||
| 040 | _cDDC | ||
| 082 | _a571.92 PAN 2009 | ||
| 100 |
_aPandey, B.P _97718 |
||
| 245 | _aPlant Pathology: pathogen and plant disease | ||
| 250 | _aRev,updated & expanded Ed. | ||
| 260 | _aNew Delhi: S.CAND &CO, 2009 | ||
| 300 | _ax,437p; ill: 24cm | ||
| 504 | _aGlossary, questions, references, & index included | ||
| 650 |
_aPlant pathology _97719 |
||
| 942 |
_2z _cO_SHELF |
||
| 999 |
_c3452 _d3452 |
||